Disappeared science : biographical dictionary of Jewish scholars from Bohemia and Moravia - victims of Nazism, 1939-1945 /

Další autoři: Šimůnek, Michal, 1976-, Kostlán, Antonín, 1955-
Jazyk: Angličtina
Vydáno: Červený Kostelec : Praha : Pavel Mervart ;Kabinet dějin vědy ÚSD AV ČR, 2013
Vydání: 1st pub.
Edice: Práce z dějin vědy
Témata:
Fyzický popis: 323 s. : il., portréty, faksim. ; 24 cm
Knihy
Uloženo v:
LEADER 02319nam a2200517 a 4500
001 nkc20132518311
003 CZ PrNK
005 20250708090607.0
007 ta
008 131105s2013 xr ach e 001 0beng
015 |a cnb002518311 
020 |a 978-80-7465-041-3  |q (Pavel Mervart ;  |q brožováno) 
035 |a (OCoLC)879564011 
040 |a ABA001  |b cze 
043 |a e-xr--- 
045 |a w-x- 
072 7 |a 00  |x Věda. Všeobecnosti. Základy vědy a kultury. Vědecká práce  |2 Konspekt  |9 12 
072 7 |a 929  |x Biografie  |2 Konspekt  |9 8 
080 |a 001(=411.16)-051  |2 MRF 
080 |a [323.28:329.17]-058.6  |2 MRF 
080 |a (437.3)  |2 MRF 
080 |a (031)929  |2 MRF 
245 0 0 |a Disappeared science :  |b biographical dictionary of Jewish scholars from Bohemia and Moravia - victims of Nazism, 1939-1945 /  |c edited by Michal V. Šimůnek, Antonín Kostlán 
250 |a 1st pub. 
260 |a Červený Kostelec :  |b Pavel Mervart ;  |a Praha :  |b Kabinet dějin vědy ÚSD AV ČR,  |c 2013 
300 |a 323 s. :  |b il., portréty, faksim. ;  |c 24 cm 
490 1 |a Studies in the history of sciences and humanities =  |a Práce z dějin vědy ;  |v vol. 29 
504 |a Obsahuje bibliografie, bibliografické odkazy a rejstříky 
648 7 |a 1939-1945  |7 ch460653  |2 czenas 
648 7 |a 19.-20. století  |7 ch757015  |2 czenas 
650 0 7 |a židovští vědci  |7 ph138794  |z Česko  |y 19.-20. století  |2 czenas 
650 0 7 |a oběti nacismu  |7 ph123641  |z Česko  |y 1939-1945  |2 czenas 
650 0 9 |a Jewish scientists  |z Czechia  |y 19th-20th centuries  |2 eczenas 
650 0 9 |a victims of Nazism  |z Czechia  |y 1939-1945  |2 eczenas 
655 7 |a biografické slovníky  |7 fd131906  |2 czenas 
655 9 |a biographical dictionaries  |2 eczenas 
700 1 |a Šimůnek, Michal,  |d 1976-  |7 jo2006362217  |4 edt 
700 1 |a Kostlán, Antonín,  |d 1955-  |7 jn20000401423  |4 edt 
830 0 |a Práce z dějin vědy  |0 s 
910 |a BOA001  |b 2-1409.120  |b KPB-0000.219 
928 9 |a Centre for the History of Sciences and Humanities of the Institute of Contemporary History of the Academy of Sciences of the Czech Republic 
928 9 |a Kabinet dějin vědy Ústavu pro soudobé dějiny AV ČR 
990 |a BK 
995 |a 01 
991 |b 201805  |c NOV 
996 6 |b 2610742989  |c 2-1409.120  |l MZK  |r Sklad / do 1 hodiny  |n 1  |p p.v.  |w 001664740  |u 000010  |a 1  |e BOA001  |j MZK50  |s P